| 000 | 00587nam a2200205Ia 4500 | ||
|---|---|---|---|
| 005 | 20251118163802.0 | ||
| 008 | 230125s9999 xx 000 0 und d | ||
| 020 | _a8187233-52-4 | ||
| 041 | _aeng | ||
| 082 |
_a158.1 _bCAR/COL |
||
| 100 |
_aCartwright R _9215098 |
||
| 245 | _aThe handbook for managing yourself | ||
| 260 |
_c2001 _bInfinity Books Pub _aNew Delhi |
||
| 300 | _a219p | ||
| 500 | _aPersonality development, | ||
| 500 | _aPersonality Improvement;Personality | ||
| 650 |
_aPersonality Development _9213420 |
||
| 700 |
_aCartwright R & Collins M _9215099 |
||
| 942 | _cBK | ||
| 999 |
_c90502 _d90502 |
||